| 000 | 00491nam a2200157 4500 | ||
|---|---|---|---|
| 001 | 137738 | ||
| 003 | ES-MaACL | ||
| 005 | 20230906195430.0 | ||
| 007 | t| | ||
| 008 | 070214s1971 sp r ||||1| spa d | ||
| 100 | 1 |
_aSalgues de Cargill, Maruxa. _9101918 |
|
| 245 | 1 | 4 |
_aLos mitos clásicos y modernos en la novela de Pérez de Ayala / _cMaruxa Salgues de Cargill. |
| 260 |
_aJaen : _b[s. n.], _c1971 ( _fGráf. Nova) |
||
| 300 |
_a140 p. ; _c24 cm. |
||
| 852 |
_aES-MaACL _jC-37641 _bR.78938 |
||
| 999 |
_c137738 _d137738 |
||